Phân lập. Tuyển chọn một số chủng xạ khuẩn có khả năng sinh chất kháng sinh từ đất xã Đại Hiệp - Đại Lộc - Quảng Nam và nước thải KCN dịch vụ thủy sản thọ quang - TP Đà Nẵng

Lịch sử nghiên cứu chất kháng sinh. Đối tượng, nguyên liệu và phương pháp nghiên cứu. Kết luận và kiến nghị

সংরক্ষণ করুন:
গ্রন্থ-পঞ্জীর বিবরন
প্রধান লেখক: Hồ, Thị Năm (Tác giả)
অন্যান্য লেখক: Đỗ Thu Hà T.S (Hướng dân)
বিন্যাস: গ্রন্থ
ভাষা:Vietnamese
প্রকাশিত: Đại học Đà Nẵng ĐH Sư phạm 2010
বিষয়গুলি:
ট্যাগগুলো: ট্যাগ যুক্ত করুন
কোনো ট্যাগ নেই, প্রথমজন হিসাবে ট্যাগ করুন!
Thư viện lưu trữ: Mạng thư viện Đại học Đà Nẵng
LEADER 01575nam a2200361 4500
001 000011422
003 7669
005 20120204090233.0
008 120204s2010 viesd
041 |a vie 
072 |a Khóa luận tốt nghiệp 
082 |a 579.51  |b HO-N 
100 |a Hồ, Thị Năm  |e Tác giả 
245 |a Phân lập. Tuyển chọn một số chủng xạ khuẩn có khả năng sinh chất kháng sinh từ đất xã Đại Hiệp - Đại Lộc - Quảng Nam và nước thải KCN dịch vụ thủy sản thọ quang - TP Đà Nẵng  |c Hồ Thị Năm 
260 |a Đại học Đà Nẵng  |b ĐH Sư phạm  |c 2010 
300 |a 60 tr.  |b Hình ảnh  |c 29 cm 
500 |a Khóa luận tốt nghiệp khoa Sinh - Môi trường 
520 |a Lịch sử nghiên cứu chất kháng sinh. Đối tượng, nguyên liệu và phương pháp nghiên cứu. Kết luận và kiến nghị 
653 |a Phân lập 
653 |a Tuyển chọn 
653 |a Chất kháng sinh từ đất 
653 |a Nước thải 
700 |a Đỗ Thu Hà  |c T.S  |e Hướng dân 
OWN |a LSP 
AVA |a UDN50  |b LSP  |d 579.51 HO-N  |e available  |t Error 5001 Not defined in file expand_doc_bib_avail.  |f 1  |g 0  |h N  |i 0  |k 1 
999 |a From the UDN01 
AVA |a UDN50  |b LSP  |d 579.51 HO-N  |e available  |t Error 5001 Not defined in file expand_doc_bib_avail.  |f 1  |g 0  |h N  |i 0  |k 1 
TYP |a Monograph 
TYP |a Printed language 
980 |a Mạng thư viện Đại học Đà Nẵng